000 00753nam a2200217 a 4500
001 2461
003 CO-ViMGA
008 141112s2004 ck r 000 u spa d
020 _a9580433062
040 _aCO-ViMGA
_bspa
_cCO-ViMGA
082 0 4 _aMEVIECAR.64 G664p
100 1 _aGookin, Dan
245 1 0 _aPCs para dummies /
_cGookin Dan , Rathbone Andy
260 _aBogotá :
_bNorma,
_c1996
300 _a390 p
490 _a#1
505 _aIntroducción a su computador 7 - - El computador : intimidante, frío e impersonal 81 - - El trabajo con el computador 209 - - La parte de las decenas 357 - - Diez cosas que conviene recordar 383
590 _aDatos de inventario : 05666
650 1 4 _aCOMPUTADORES PERSONALES
_951380
942 _2ddc
_cBK
999 _c14540
_d14540